000 01275nam a22002777a 4500
999 _c63609
_d63609
005 20240530110650.0
008 171211s2008 ua f b 000 0 ara d
017 _a2008/1903
_bمصر. دار الكتب
020 _a9773581705
040 _aEG-CaGPL
_cEG-CaGPL
082 0 4 _221
_a613 /
_bأ ث
100 0 _aامان محمد اسعد
245 1 2 _aالثقافة الصحية :
_bالصحة العامة - الصحة المدرسية - التغذية والمواد الغذائية - التسمم الغذائى ةارة على الصحة العامة - التلوث البيئى واثرة على الصحة العامة - الامراض المعدية والغير معدية /
_cامان محمد اسعد
250 _aط. 1
260 _aالقاهرة :
_bدار الفجر للنشر و التوزيع ،
_c2008.
300 _a221 ص. ؛
_c24 سم.
504 _aيشتمل على ارجاعات ببليوجرافية
650 0 7 _2qrmak
_aالصحة العامة
650 0 7 _2qrmak
_aالصحة المدرسية
650 0 7 _2qrmak
_aتسمم الطعام
650 0 7 _2qrmak
_aالتلوث
650 0 7 _2qrmak
_aالعدوى والامراض المعدية
651 _2qrmak
942 _2ddc
_cBK